History - Cross, Historiography, and Miscellaneous | 2 | 1 | 0 | 0 | 40 | 60 | 81.00 | 0 | 0 |
Geography - World | 1 | 2 | 0 | 0 | 35 | 62 | 90.67 | 0 | 0 |
History - European | 1 | 2 | 0 | 0 | 35 | 64 | 99.00 | 0 | 0 |
Science - Engineering and Miscellaneous | 0 | 3 | 0 | 0 | 30 | 74 | 99.33 | 0 | 0 |
History - World | 0 | 3 | 0 | 0 | 30 | 114 | 124.00 | 0 | 0 |
Current Events - U.S. | 1 | 1 | 0 | 0 | 25 | 68 | 82.00 | 0 | 0 |
Fine Arts - Miscellaneous | 0 | 2 | 0 | 0 | 20 | 113 | 123.50 | 0 | 0 |
History - American | 0 | 2 | 0 | 0 | 20 | 103 | 115.50 | 0 | 0 |
Fine Arts - Music | 0 | 2 | 0 | 0 | 20 | 108 | 114.00 | 0 | 0 |
Other - Other Academic and General Knowledge | 1 | 0 | 0 | 0 | 15 | 62 | 62.00 | 0 | 0 |
Current Events - World | 0 | 1 | 0 | 0 | 10 | 110 | 110.00 | 0 | 0 |
Science - Biology | 0 | 1 | 0 | 0 | 10 | 114 | 114.00 | 0 | 0 |
Fine Arts - Jazz | 0 | 1 | 0 | 0 | 10 | 91 | 91.00 | 0 | 0 |
Science - Physics | 0 | 0 | 0 | 0 | 0 | | 0.00 | 0 | 0 |
Literature - American | 0 | 0 | 0 | 0 | 0 | | 0.00 | 0 | 0 |
RMP - Christian Practice | 0 | 0 | 0 | 0 | 0 | | 0.00 | 0 | 0 |
RMP - Jewish Practice | 0 | 0 | 0 | 0 | 0 | | 0.00 | 0 | 0 |
Fine Arts - Painting | 0 | 0 | 0 | 0 | 0 | | 0.00 | 0 | 0 |